Biblioteca y Centro de Documentación

An agenda for a reformed cohesion policy (Registro nro. 22155)

Detalles MARC
000 -CABECERA
Longitud fija campo de control 01563nam a2200409 c 4500
001 - NÚMERO DE CONTROL
Número de control 22155
003 - IDENTIFICADOR DE NÚMERO DE CONTROL
Identificador del número de control ES-MaCES
005 - FECHA Y HORA DE LA ÚLTIMA TRANSACCIÓN
Fecha y hora de la última transacción 20150929135508.0
007 - PHYSICAL DESCRIPTION FIXED FIELD--GENERAL INFORMAT
Campo fijo de descripción física cr |||||||||||
008 - CAMPO FIJO DE DESCRIPCIÓN FIJA--INFORMACIÓN GENERAL
Códigos de información de longitud fija   090522s2009 fr bd t i000 | eng d
035 ## - NÚMERO DE CONTROL DEL SISTEMA
Número de control del sistema CES20090005465m
040 ## - FUENTE DE CATALOGACIÓN
Centro catalogador de origen ES-MaCES
Lengua de catalogación spa
Centro transcriptor ES-MaCES
100 1# - ENCABEZAMIENTO PRINCIPAL--NOMBRE PERSONAL
Nombre de persona Barca, Fabrizio
9 (RLIN) 7085
245 13 - MENCIÓN DE TÍTULO
Título An agenda for a reformed cohesion policy
Medio Recurso electrónico
Resto del título : a place-based approach to meeting European Union challenges and expectactions
Mención de responsabilidad, etc. independent report prepared at the request of Danuta Hübner, Commissioner for Regional Policy, by Fabrizio Barca
260 ## - PUBLICACIÓN, DISTRIBUCIÓN, ETC (PIE DE IMPRENTA)
Lugar de publicación, distribución, etc. [S.l.
Nombre del editor, distribuidor, etc. s.n.]
Fecha de publicación, distribución, etc. 2009
300 ## - DESCRIPCIÓN FÍSICA
Extensión XXIV, 219 p.
Otras características físicas gráf., mapas bl. y n.
Dimensiones 30 cm
Material anejo 1 documento pdf (3,81 mb)
500 ## - NOTA GENERAL
Nota general Tít. tomado de la cub
500 ## - NOTA GENERAL
Nota general Ejemp. fotocopiado
504 ## - NOTA DE BIBLIOGRAFÍA, ETC.
Nota de bibliografía, etc. Bibliografía: p. 190-219
541 ## - NOTA DE LA FUENTE INMEDIANTE DE ADQUISICIÓN
Forma de adquisición Gratuito
650 #4 - ASIENTO SECUNDARIO DE MATERIA--TÉRMINO DE MATERIA
Término de materia o nombre geográfico como elemento inicial política regional
9 (RLIN) 30779
650 #4 - ASIENTO SECUNDARIO DE MATERIA--TÉRMINO DE MATERIA
Término de materia o nombre geográfico como elemento inicial política presupuestaria
9 (RLIN) 30829
650 #4 - ASIENTO SECUNDARIO DE MATERIA--TÉRMINO DE MATERIA
Término de materia o nombre geográfico como elemento inicial desarrollo regional
9 (RLIN) 29186
650 #4 - ASIENTO SECUNDARIO DE MATERIA--TÉRMINO DE MATERIA
Término de materia o nombre geográfico como elemento inicial integración social
9 (RLIN) 27283
650 #4 - ASIENTO SECUNDARIO DE MATERIA--TÉRMINO DE MATERIA
Término de materia o nombre geográfico como elemento inicial cohesión social
9 (RLIN) 30743
650 #4 - ASIENTO SECUNDARIO DE MATERIA--TÉRMINO DE MATERIA
Término de materia o nombre geográfico como elemento inicial Fondo de Cohesión
9 (RLIN) 31045
650 #4 - ASIENTO SECUNDARIO DE MATERIA--TÉRMINO DE MATERIA
Término de materia o nombre geográfico como elemento inicial política comunitaria
9 (RLIN) 30776
650 #4 - ASIENTO SECUNDARIO DE MATERIA--TÉRMINO DE MATERIA
Término de materia o nombre geográfico como elemento inicial plan de acción
9 (RLIN) 30406
653 10 - TÉRMINO DE INDEXACIÓN--NO CONTROLADO
Término no controlado Desarrollo regional
650 #4 - ASIENTO SECUNDARIO DE MATERIA--TÉRMINO DE MATERIA
9 (RLIN) 29234
Término de materia o nombre geográfico como elemento inicial desarrollo económico y social
650 #4 - ASIENTO SECUNDARIO DE MATERIA--TÉRMINO DE MATERIA
9 (RLIN) 26752
Término de materia o nombre geográfico como elemento inicial UE
700 1# - ENCABEZAMIENTO SECUNDARIO--NOMBRE PERSONAL
Nombre de persona Hübner, Danuta
9 (RLIN) 15004
856 4# - ACCESO ELECTRÓNICO
Identificador Uniforme del Recurso (URI) <a href="http://biblioteca.ces.es/repintra/47-26120.pdf">http://biblioteca.ces.es/repintra/47-26120.pdf</a>
Texto del enlace texto completo
Nota pública [intranet]
902 ## - CES. TIPO DE DOCUMENTO
Tipodoc (006$c Sirtex) DOC Literatura gris
942 ## - ELEMENTOS KOHA
Fuente de clasificaión o esquema Clasificación propia del CES
Koha [por defecto] tipo de item Monografías
Parte de clasificación 1.1.
Existencias
Número de registro Signatura completa Tipo de item de Koha
074168 DOC-1.1.-72 Monografías
© CES, Consejo Económico y Social de España 2021